[Event "Catalunya-ch U20"]
[Site "Catalunya"]
[Date "2008.03.23"]
[Round "7"]
[White "Sanz Arenas, Oriol"]
[Black "Molinero Gomez, Sandra"]
[Result "0-1"]
[WhiteElo "1827"]
[BlackElo "1834"]
[PlyCount "116"]
[EventDate "2008.03.19"]
[EventType "swiss"]
[EventRounds "9"]
[EventCountry "ESP"]
[SourceTitle "EXT 2010"]
[Source "ChessBase"]
[SourceDate "2010.11.25"]
[SourceVersion "1"]
[SourceVersionDate "2010.11.25"]
[SourceQuality "1"]

1. e4 c5 2. Nf3 Nf6 3. Nc3 d5 4. Bb5+ Bd7 5. Bxd7+ Nbxd7 6. Nxd5 Nxd5 7. exd5 Nb6 8. c4 g6 9. Qb3 Qd7 10. d3 Bg7 11. a4 0-0 12. 0-0 Rad8 13. Be3 Qc7 14. Rfd1 Nd7 15. d4 b6 16. Ra2 Rfe8 17. Qb5 e6 18. dxe6 Rxe6 19. d5 Ree8 20. b4 cxb4 21. Qxb4 Rc8 22. a5 Qxc4 23. Qxc4 Rxc4 24. axb6 axb6 25. Ra7 Rd8 26. Rb7 Bf8 27. Nd4 Nf6 28. Bg5 Bg7 29. Rxb6 Rdc8 30. Nb3 Ne4 31. Be3 Nc3 32. Rd3 Rd8 33. d6 Ne4 34. f3 Nf6 35. Bg5 h6 36. Bxf6 Bxf6 37. Na5 Rd4 38. Rdb3 Rd1+ 39. Kf2 Bd4+ 40. Ke2 Bxb6 41. Rxb6 R1xd6 42. Rxd6 Rxd6 43. Nc4 Re6+ 44. Kf2 Kg7 45. g4 Rc6 46. Ne3 Rc5 47. Kg3 h5 48. h3 Kh6 49. Nd1 g5 50. gxh5 Kxh5 51. Nf2 f5 52. Nd3 Rc2 53. Nf2 f4+ 54. Kg2 Kh4 55. Kf1 Rxf2+ 56. Kxf2 Kxh3 57. Kf1 Kg3 58. Ke2 Kg2 0-1

[Event "Barcelona Rubi op-B 5th"]
[Site "Barcelona"]
[Date "2004.04.??"]
[Round "3"]
[White "Rodriguez Rodriguez, Jorge"]
[Black "Sanz Arenas, Oriol"]
[Result "1/2-1/2"]
[WhiteElo "1875"]
[BlackElo "1775"]
[PlyCount "68"]
[EventDate "2004.04.25"]
[EventType "swiss"]
[EventRounds "7"]
[EventCountry "ESP"]
[SourceTitle "EXT 2007"]
[Source "ChessBase"]
[SourceDate "2006.11.23"]
[SourceVersion "1"]
[SourceVersionDate "2006.11.23"]
[SourceQuality "1"]

1. e4 e5 2. Nf3 Nf6 3. d3 Nc6 4. Be2 Bc5 5. c3 d6 6. 0-0 h6 7. b4 Bb6 8. Qc2 Qe7 9. a4 a5 10. b5 Nd8 11. Nbd2 Bg4 12. d4 Bxf3 13. Nxf3 0-0 14. dxe5 dxe5 15. Ba3 Bc5 16. Bxc5 Qxc5 17. Rfd1 b6 18. h3 Nb7 19. Nd2 Qe7 20. Bf3 Nc5 21. Nb3 Rad8 22. Nxc5 Qxc5 23. Rd2 Rxd2 24. Qxd2 Qd6 25. Qc2 Rd8 26. Rd1 Qe7 27. Rc1 Qc5 28. g3 Ne8 29. Qb3 Nd6 30. Rd1 Nb7 31. Rxd8+ Nxd8 32. Qd5 Ne6 33. Qb3 c6 34. bxc6 Qxc6 1/2-1/2

[Event "Barcelona Rubi op-B 5th"]
[Site "Barcelona"]
[Date "2004.04.??"]
[Round "5"]
[White "Sanz Arenas, Oriol"]
[Black "Carceller Caballero, Alex"]
[Result "1/2-1/2"]
[WhiteElo "1775"]
[BlackElo "1720"]
[PlyCount "47"]
[EventDate "2004.04.25"]
[EventType "swiss"]
[EventRounds "7"]
[EventCountry "ESP"]
[SourceTitle "EXT 2007"]
[Source "ChessBase"]
[SourceDate "2006.11.23"]
[SourceVersion "1"]
[SourceVersionDate "2006.11.23"]
[SourceQuality "1"]

1. e4 e5 2. Nf3 d6 3. Nc3 Nc6 4. Bb5 Bd7 5. d3 Nf6 6. Bg5 Be7 7. Bxf6 Bxf6 8. Nd5 a6 9. Ba4 0-0 10. Qd2 h6 11. c4 Be7 12. b4 b6 13. 0-0 Re8 14. Bxc6 Bxc6 15. Nxe7+ Qxe7 16. a4 Bd7 17. b5 a5 18. Qe3 Qd8 19. Rac1 c5 20. Nd2 Qc7 21. Nb1 Rac8 22. Nc3 Be6 23. f4 f6 24. Rf2 1/2-1/2

[Event "Barcelona Rubi op-B 5th"]
[Site "Barcelona"]
[Date "2004.04.??"]
[Round "2"]
[White "Sanz Arenas, Oriol"]
[Black "Garcia Leon, Pol"]
[Result "1-0"]
[WhiteElo "1775"]
[BlackElo "1700"]
[PlyCount "89"]
[EventDate "2004.04.25"]
[EventType "swiss"]
[EventRounds "7"]
[EventCountry "ESP"]
[SourceTitle "EXT 2007"]
[Source "ChessBase"]
[SourceDate "2006.11.23"]
[SourceVersion "1"]
[SourceVersionDate "2006.11.23"]
[SourceQuality "1"]

1. e4 e5 2. Nf3 Nc6 3. Nc3 Bc5 4. Nxe5 Nxe5 5. d4 Ng4 6. Qxg4 Nf6 7. Qxg7 Rg8 8. Qh6 Bxd4 9. Bg5 Rg6 10. Qh4 d5 11. Rd1 c5 12. Nxd5 h6 13. Nxf6+ Rxf6 14. Bxf6 Bxf6 15. Rxd8+ Bxd8 16. Bb5+ Bd7 17. Bxd7+ Kxd7 18. Qxh6 Ba5+ 19. c3 Re8 20. 0-0 Rxe4 21. Rd1+ Ke8 22. g3 Re6 23. Qd2 Rg6 24. b4 cxb4 25. cxb4 Bb6 26. b5 Rf6 27. Re1+ Kf8 28. Qb4+ Kg7 29. Qc3 Bxf2+ 30. Kg2 Bxe1 31. Qxe1 Rb6 32. Qe5+ f6 33. Qe7+ Kg6 34. h4 a6 35. bxa6 bxa6 36. Qe8+ Kf5 37. Qc8+ Kg6 38. h5+ Kh6 39. Qc1+ Kg7 40. Qc7+ Kh6 41. Qxb6 Kxh5 42. Qxf6 a5 43. Kf3 a4 44. Kf4 a3 45. Qg5# 1-0